02213nam a22001937a 4500003001000000005001700010008004100027040001400068041000700082100006500089245004100154260003100195300001200226500015200238501129700390650001401687654001101701700030701712IT-MiCISF20231122112417.0170228b xxu||||| |||| 00| 0 eng d cIT-MiCISF ait aTerenzi Paolo, Boccacin Lucia, Prandini Riccardo (a cura di) aLessico della sociologia relazionale aBologna,bIl Mulino,c2016 app. 413 asocietà, rapporti-sociali, teoria, famiglia, capitale-sociale, politica-familiare, salute, coppia, servizi-sociali, solidarietà, reti-informali aLa sociologia relazionale, o "teoria relazionale della società", formulata in Italia da Pierpaolo Donati negli anni ottanta del Novecento, definisce una "società" (ad esempio la famiglia, un'associazione, un'istituzione, la società globale) come insieme di relazioni sociali che distinguono la forma e i contenuti di ogni "società" specifica. Questo Lessico è stato costruito con due obiettivi principali: mettere a tema i concetti cardine per una fondazione teorica della sociologia a partire dal riconoscimento del carattere originario della relazione sociale; enucleare i principi e gli strumenti metodologici coerenti con le premesse teoriche e necessari per operare analisi empiriche relazionali rispettose della differenziazione sociale. Le voci in esso contenute esemplificano le applicazioni empiriche per quanto riguarda differenti ambiti della vita sociale: dai processi culturali, alle dinamiche famigliari, alle politiche sociali, alla cittadinanza, al terzo settore. Ciascuna voce è organizzata in tre distinte sezioni: la prima presenta l'esposizione del concetto trattato, la seconda include riferimenti a scritti ritenuti fondamentali per seguire l'elaborazione del concetto, la terza, infine, presenta gli sviluppi del tema negli studi e nelle ricerche empiriche. asocietà asaggio aBassi A., Belardinelli S., Bertocchi F., Bramanti D., Carrà E., Colozzi I., Crespi I.aFerrucci F., Folgheratier F., Gattamorta L., Gili G., Guizzardi L., Maccarini A.aMacchioni E., Martelli S., Martignani L., Mazzzucchelli S., Meda S.G., aMorandi E., Orlandini M., Rossi G., Stanzani S., Tronca L.